| 000 | 00670nam a22002297a 4500 | ||
|---|---|---|---|
| 999 |
_c4022 _d4022 |
||
| 003 | AR-CdUCM | ||
| 008 | 190307b ||||| |||| 00| 0 spa d | ||
| 020 | _a84-306-2079-6 | ||
| 040 |
_aMUNICIPALIDAD PROVINCIAL DEL CUSCO _cBIBLIOTECA MUNICIPAL DEL CUSCO |
||
| 041 | _heng | ||
| 082 |
_a803 / _bJ19 |
||
| 100 |
_aJames, Henry _91127 |
||
| 245 | _aEl futuro de la novela / | ||
| 260 |
_aMadrid : _bTaurus _c1975. |
||
| 300 |
_a231 páginas ; _c21 cm. |
||
| 505 | _aPrólogo -- El Arte de la ficción -- El Futuro de la novela -- Dos novelas | ||
| 650 |
_aNovela _95 |
||
| 650 |
_aFicción _9184 |
||
| 650 |
_aBalzac _912830 |
||
| 942 |
_2ddc _cLIBROS |
||
| 945 | _admma | ||